Logo BPK

Biblioteka

Politechniki Koszalińskiej

Kodeks postępowania cywilnego. (Rekord nr 52094)

Szczegóły MARC
000 -ETYKIETA REKORDU
podpole kontrolne o stałej długości 01159nam a2200313 i 4500
001 - NUMER KONTROLNY REKORDU
pole kontrolne bg
003 - IDENTYFIKATOR NUMERU KONTROLNEGO REKORDU
podpole kontrolne BPK
005 - DATA OSTATNIEJ MODYFIKACJI REKORDU
podpole kontrolne 20220927121429.0
008 - POLE O STAŁEJ DŁUGOŚCI - DANE KONTROLNE
podpole kontrolne o stałej długości 060801s2006 pl a |001 0 pol
015 ## - NUMER BIBLIOGRAFII NARODOWEJ
Numer bibliografii narodowej PB 2006/17129
020 ## - MIĘDZYNARODOWY ZNORMALIZOWANY NUMER KSIĄŻKI - ISBN
ISBN 8374831960
040 ## - ŹRÓDŁO KATALOGOWANIA
Instytucja, która sporządziła opis WA N
Instytucja, która utworzyła rekord BPK
080 ## - UNIWERSALNA KLASYFIKACJA DZIESIĘTNA - UKD
UKD 347.91/.95(438)
080 ## - UNIWERSALNA KLASYFIKACJA DZIESIĘTNA - UKD
UKD (094.4.07)
100 1# - NAZWA OSOBOWA
Nazwa osobowa Zieliński, Andrzej
Daty związane z nazwą (1939-2018)
Określenie rodzaju współpracy Komentarz
245 10 - TYTUŁ/ODPOWIEDZIALNOŚĆ
Tytuł Kodeks postępowania cywilnego.
Oznaczenie części/sekcji dzieła T. 1,
Tytuł części/sekcji dzieła Komentarz do artykułów 1-505 314 /
Pozostałe elementy strefy tytułu i oznaczenia odpowiedzialności red. Andrzej Zieliński ; aut. Andrzej Zieliński, Kinga Flaga-Gieruszyńska.
246 18 - WARIANT TYTUŁU
Tytuł KPC :
Ciąg dalszy tytułu komentarz do art. 1-505 314.
250 ## - STREFA WYDANIA
Oznaczenie wydania 2. wyd.
260 ## - STREFA ADRESU WYDAWNICZEGO
Miejsce wydania Warszawa :
Nazwa wydawcy/dystrybutora Wydawnictwo C. H. Beck,
Data publikacji, dystrybucji/powstania dokumentu 2006.
300 ## - STREFA OPISU FIZYCZNEGO
Objętość XXIII, [1], 1505, [7] s. ;
Rozmiary 21 cm.
490 1# - STREFA SERII I DOKUMENTU WIELOCZĘŚCIOWEGO - FORMA NIE DO WYSZUKIWANIA
Tytuł i oznaczenie odpowiedzialności serii Komentarze Becka.
504 ## - UWAGA DOTYCZĄCA BIBLIOGRAFII
Informacje o bibliografii Bibliogr. przy częściach. Indeks.
650 #4 - HASŁO PRZEDMIOTOWE W FORMIE NAZWY OGÓLNEJ LUB JEDNOSTKOWEJ
Nazwa ogólna lub geograficzna Postępowanie cywilne
Określnik geograficzny Polska.
700 1# - HASŁO DODATKOWE - NAZWA OSOBOWA
Nazwa osobowa Flaga-Gieruszyńska, Kinga
Daty związane z nazwą (1973- ).
710 2# - HASŁO DODATKOWE - NAZWA CIAŁA ZBIOROWEGO
Nazwa ciała zbiorowego lub jednostki geograficznej Wydawnictwo C.H. Beck.
Kod określenia powiązania pbl.
856 ## - LOKALIZACJA I DOSTĘP DO ELEKTRONICZNYCH DOKUMENTÓW ZDALNYCH
Link (URL) http://koha.tu.koszalin.pl/cgi-bin/koha/opac-detail.pl?biblionumber=52094
Tekst linku Katalog online BPK
830 #0 - HASŁO DODATKOWE SERII LUB DOKUMENTU WIELOCZĘŚCIOWEGO - TYTUŁ UJEDNOLICONY
Tytuł ujednolicony Komentarze Becka
942 ## - DODATKOWE ELEMENTY (KOHA)
Schemat klasyfikacji Uniwersalna Klasyfikacja Dziesiętna
Typ dokumentu Książka
Egzemplarze
Wycofany Status egzemplarza Uszkodzony Dostępność Lokalizacja stała Lokalizacja bieżąca Miejsce przechowywania Sygnatura Kod kreskowy Ostatnio wypożyczono Typ dokumentu
      Dostępny Biblioteka Politechniki Koszalińskiej Biblioteka Politechniki Koszalińskiej Wypożyczalnia BG 79909 02321196 23.09.2016 Książka
© 2023 Biblioteka Politechniki Koszalińskiej :: KOHA